| 000 | 00686nam a2200265Ia 4500 | ||
|---|---|---|---|
| 003 | OSt | ||
| 005 | 20221007100912.0 | ||
| 006 | a|||||r|||| 00| 0 | ||
| 007 | ta | ||
| 008 | 221006b |||||||| |||| 00| 0 eng d | ||
| 024 | _a5,406 | ||
| 037 | _cTextual | ||
| 040 |
_aLCO _cLCO _beng |
||
| 041 |
_2eng _aeng |
||
| 082 | _aX81:97B:(Z2), K9 | ||
| 100 | _aSethi R.B. | ||
| 245 | 0 | _aLaw of Employees' State Insurance | |
| 250 | _a2nd | ||
| 260 |
_aAllahabad _bLaw Book Company India _c1969 |
||
| 300 | _a648 | ||
| 650 | _aINSURANCE | ||
| 700 | _a Dwivedi R.N. | ||
| 942 |
_hX81:97B:(Z2), K9 _cTEXL |
||
| 999 |
_c1174969 _d1174969 |
||